Probability in science and engineering /
Guardado en:
| Autor Principal: | |
|---|---|
| Otros Autores: | |
| Formato: | Libro |
| Idioma: | English Czech |
| Publicado: |
Prague : New York :
Academia ; Academic Press,
1967.
|
| Materias: | |
| Etiquetas: |
Agregar Etiqueta
Sin Etiquetas, Sea el primero en etiquetar este registro!
|
| LEADER | 00870nam a22002291a 4500 | ||
|---|---|---|---|
| 001 | MAT.inmabb005683 | ||
| 008 | 840605s1967####cs#a##########000#0#eng## | ||
| 005 | 20160531171430.0 | ||
| 245 | 1 | 0 | |a Probability in science and engineering / |c [by] Jaroslav Hájek [and] Václav Dupac. Translated by Mical Basch [and] Jaroslav Hájek. |
| 260 | |a Prague : |b Academia ; |a New York : |b Academic Press, |c 1967. | ||
| 300 | |a 120 p. : |b il. ; |c 25 cm. | ||
| 500 | |a Traducción de: Pravdepodobnost ve vede a technice, by Václav Dupac and Jaroslav Hájek. | ||
| 100 | 1 | |a Dupac, Václav. | |
| 240 | 1 | 0 | |a Pravdepodobnost ve vede a technice. |l Inglés |
| 700 | 1 | |a Hájek, Jaroslav. | |
| 650 | 0 | |a Probabilities. | |
| 650 | 0 | |a Mathematical statistics. | |
| 084 | |a 60 |2 msc2000 | ||
| 010 | |a 66027811 | ||
| 040 | |a DLC/ICU |c ICU |d DLC | ||
| 041 | 1 | |a eng |h cze | |
| 859 | |h 60 |i H154 |p A-2402 |b BIB. MATEMATICA | ||
